[Event "Michigan Amateur"]
[Site "Kalamazoo, MI"]
[Date "2001.07.28"]
[Round "1.16"]
[White "Farmand, Farnood"]
[Black "Betke, Brian"]
[Result "1-0"]
[WhiteElo "1658"]
[BlackElo "1145"]
[PlyCount "59"]
[EventDate "2001.07.28"]

1. e4 e5 2. Nf3 Nc6 3. Bc4 Bc5 4. c3 Nf6 5. d4 exd4 6. cxd4 Bb4+ 7. Nc3 d6 8.
O-O Bxc3 9. bxc3 Nxe4 10. d5 Ne5 11. Qe1 Nf6 12. Nxe5 dxe5 13. Qxe5+ Qe7 14.
Qxe7+ Kxe7 15. Re1+ Kf8 16. Ba3+ Kg8 17. Re7 c6 18. dxc6 Be6 19. cxb7 Rb8 20.
Bxe6 fxe6 21. Bd6 Kf8 22. Rc7+ Ke8 23. Rc8+ Kd7 24. Rxh8 Rxb7 25. Be5 Rb2 26.
Bxf6 gxf6 27. Rxh7+ Kd6 28. Rxa7 Rc2 29. Kf1 Rxc3 30. Rd1+ 1-0

[Event "Michigan Amateur"]
[Site "Kalamazoo, MI"]
[Date "2001.07.28"]
[Round "1.8"]
[White "Evans Sr., Thomas"]
[Black "Hershberger, Kent"]
[Result "1-0"]
[WhiteElo "1847"]
[BlackElo "1301"]
[PlyCount "43"]
[EventDate "2001.07.28"]

1. e4 e5 2. Nf3 Nf6 3. Nc3 d6 4. Bc4 Bg4 5. h3 Bh5 6. d3 Nc6 7. Be3 Be7 8. Qe2
Nb4 9. Bb3 d5 10. exd5 Nbxd5 11. Nxd5 Nxd5 12. g4 Bg6 13. Nxe5 Bf6 14. Nxg6
hxg6 15. Bd4+ Ne7 16. Bxf6 gxf6 17. Qf3 Nc6 18. O-O-O O-O 19. Qe4 Re8 20. Qxg6+
Kh8 21. Bxf7 Ne7 22. Qh6# 1-0

[Event "Michigan Amateur"]
[Site "Kalamazoo, MI"]
[Date "2001.07.28"]
[Round "3.4"]
[White "Evans Sr., Thomas"]
[Black "Croel, Duane"]
[Result "1-0"]
[WhiteElo "1847"]
[BlackElo "1642"]
[PlyCount "93"]
[EventDate "2001.07.28"]

1. e4 c5 2. Nc3 Nc6 3. f4 g6 4. Nf3 Bg7 5. Be2 e6 6. O-O Nge7 7. a3 d6 8. Qe1
Nd4 9. Bd1 Bd7 10. Ne2 Nxf3+ 11. Rxf3 Bc6 12. Ng3 O-O 13. c3 b5 14. b4 c4 15.
d4 cxd3 16. Rxd3 Qc7 17. Bf3 Rac8 18. Be3 Rfd8 19. Qf2 Ra8 20. Rad1 f5 21. exf5
Bxf3 22. Qxf3 Nxf5 23. Nxf5 gxf5 24. Rxd6 Rab8 25. Rxd8+ Rxd8 26. Rxd8+ Qxd8
27. Bxa7 Qd2 28. Qa8+ Kf7 29. Qb7+ Kg6 30. Qxb5 Qxc3 31. Qe8+ Kf6 32. Qd8+ Kg6
33. g3 Qe1+ 34. Kg2 Qe2+ 35. Bf2 Qe4+ 36. Kh3 Qe2 37. Bd4 Qg4+ 38. Kg2 Qe2+ 39.
Bf2 Qe4+ 40. Kf1 Qc4+ 41. Kg1 Qc1+ 42. Kg2 Qc6+ 43. Kh3 Qa6 44. Qg5+ Kf7 45.
Qh5+ Kg8 46. Qe8+ Bf8 47. Bc5 1-0

[Event "Michigan Amateur"]
[Site "Kalamazoo, MI"]
[Date "2001.07.28"]
[Round "1.21"]
[White "Evans, Joseph"]
[Black "Aldrich, Justin"]
[Result "0-1"]
[WhiteElo "959"]
[BlackElo "1554"]
[PlyCount "56"]
[EventDate "2001.07.28"]

1. e4 e5 2. Nf3 Nc6 3. Bc4 Bc5 4. Nc3 Nf6 5. d3 h6 6. O-O a6 7. Nd5 d6 8. Nxf6+
Qxf6 9. c3 Bg4 10. Qb3 Na5 11. Qc2 Nxc4 12. dxc4 Bxf3 13. gxf3 Qxf3 14. b4 Ba7
15. Ba3 O-O 16. c5 Rac8 17. Rad1 Rfe8 18. Rfe1 Re6 19. Re3 Rg6+ 20. Kf1 Qg2+
21. Ke2 Rf6 22. Rf1 Rf4 23. Ke1 dxc5 24. bxc5 Rd8 25. Rg3 Rxe4+ 26. Re3 Rxe3+
27. Qe2 Rxe2+ 28. Kxe2 Qe4# 0-1

[Event "Michigan Amateur"]
[Site "Kalamazoo, MI"]
[Date "2001.07.28"]
[Round "3.22"]
[White "Dudley, Vernon"]
[Black "Crismore, Jason"]
[Result "0-1"]
[WhiteElo "868"]
[BlackElo "1157"]
[PlyCount "52"]
[EventDate "2001.07.28"]

1. d4 Nf6 2. Nc3 g6 3. e4 d6 4. Be3 Bg7 5. d5 O-O 6. Be2 e6 7. dxe6 fxe6 8. h4
h5 9. g4 Qe8 10. gxh5 gxh5 11. Rh3 e5 12. Rg3 Kf7 13. Bxh5+ Nxh5 14. Qxh5+ Kg8
15. Qxe8 Rxe8 16. O-O-O Re7 17. Nh3 Bxh3 18. Rxh3 Nc6 19. h5 Kh7 20. h6 Bf6 21.
Rg1 Rf7 22. Nd5 Rg8 23. f3 Rxg1+ 24. Bxg1 Bg5+ 25. Be3 Bxe3+ 26. Nxe3 Nd4 0-1

[Event "Michigan Amateur"]
[Site "Kalamazoo, MI"]
[Date "2001.07.28"]
[Round "1.18"]
[White "Dorrington, Eldon"]
[Black "Jeromin, Mark"]
[Result "1-0"]
[WhiteElo "1620"]
[BlackElo "1006"]
[PlyCount "71"]
[EventDate "2001.07.28"]

1. c4 e5 2. Nc3 Nc6 3. f3 Bc5 4. e3 Nf6 5. Nge2 O-O 6. Ng3 Be7 7. Be2 d6 8. O-O
Be6 9. d4 exd4 10. exd4 d5 11. c5 a6 12. Rb1 Qd7 13. b4 Na7 14. a4 c6 15. Kh1
Bd8 16. Bd3 Bc7 17. Bg5 Ne8 18. f4 h6 19. Bh4 Bg4 20. Qc2 f5 21. h3 Nf6 22.
hxg4 Nxg4 23. Bxf5 Ne3 24. Bxd7 Nxc2 25. Be7 Rxf4 26. Rxf4 Bxf4 27. Nf5 Bd2 28.
Ne2 Nxb4 29. Nd6 Rb8 30. Rf1 b5 31. cxb6 Rxb6 32. Rf8+ Kh7 33. Bf5+ g6 34. Rf7+
Kg8 35. Bxg6 Rb8 36. Bh7+ 1-0

[Event "Michigan Amateur"]
[Site "Kalamazoo, MI"]
[Date "2001.07.28"]
[Round "1.19"]
[White "Dimon, Richard"]
[Black "Moore, Robert"]
[Result "0-1"]
[WhiteElo "1000"]
[BlackElo "1600"]
[PlyCount "84"]
[EventDate "2001.07.28"]

1. d4 Nf6 2. Nf3 d6 3. Bf4 g6 4. e3 Bg7 5. Bc4 O-O 6. O-O Nh5 7. Qd3 Nxf4 8.
exf4 Nc6 9. c3 Bf5 10. Qe2 Re8 11. Ng5 d5 12. Bb3 Qd6 13. c4 Nxd4 14. Qd2 Nxb3
15. axb3 d4 16. Na3 a6 17. b4 e5 18. fxe5 Rxe5 19. Nf3 Re7 20. Nc2 Bxc2 21.
Qxc2 d3 22. Qd2 Re2 23. c5 Qd5 24. Qd1 Bxb2 25. Rb1 Bc3 26. Rb3 Bf6 27. Rxd3
Qe6 28. Nd4 Bxd4 29. Rxd4 Qe5 30. Rd8+ Rxd8 31. Qxd8+ Kg7 32. Qd1 Re4 33. Qb1
Qd4 34. Qa1 Qxa1 35. Rxa1 Rxb4 36. Rc1 a5 37. Kf1 a4 38. Ke2 a3 39. Kd2 a2 40.
Kc3 Rb1 41. Kc2 Rxc1+ 42. Kxc1 a1=Q+ 0-1

[Event "Michigan Amateur"]
[Site "Kalamazoo, MI"]
[Date "2001.07.28"]
[Round "2.3"]
[White "Croel, Duane"]
[Black "Hobbs, Raymond"]
[Result "1-0"]
[WhiteElo "1642"]
[BlackElo "1903"]
[Annotator "Don Vandivier"]
[PlyCount "47"]
[EventDate "2001.07.28"]

{Dutch: Queen's Knight} 1. d4 e6 2. c4 f5 3. Nc3 Nf6 4. e4 {White plays a
mixture of the Staunton Gambit along with his home-brewed ideas. White's
choice of moves should not be successful with correct play.} fxe4 5. f3 Bb4 6.
Bg5 exf3 {Black has a couple good lines here:} (6... d5 7. fxe4 dxe4 8. Qa4+
Nc6 9. O-O-O Bxc3 10. bxc3 O-O 11. Be2 Qd6) (6... Bxc3+ 7. bxc3 h6 8. Bh4 (8.
Bxf6 Qxf6 9. fxe4 $2 Qh4+) 8... O-O 9. fxe4 g5 10. Bg3 Nxe4 11. Qh5 Qe8 {
Notice that in this latter line Black had enough attacking threats to expose
his King.}) 7. Nxf3 d6 8. Bd3 c5 9. O-O cxd4 {Black is falling dangerously
behind in development. 9...Bxc3 followed by ...0-0 was okay.} 10. Ne4 e5 $2 (
10... O-O 11. Nxd4 Bc5 12. Bxf6 gxf6 13. Nxc5 dxc5 14. Nb3 Qe7 {is playable.})
11. a3 $6 (11. Qa4+ Nc6 12. Nxe5 $3 dxe5 13. Nxf6+ gxf6 14. Bxf6 {and Black is
getting creamed!}) 11... Ba5 12. b4 Bc7 13. Qe1 $6 ({White misses a tactical
crush:} 13. Nxe5 $3 dxe5 14. Nxf6+ gxf6 15. Qh5+ Kd7 16. Bxf6 Qg8 17. Bf5+ Kc6
18. Qf3+ Kb6 19. c5+) 13... O-O 14. Qh4 Qe7 15. Rae1 Be6 {DIAGRAM!} 16. Nxd4 $1
Nbd7 ({Also no good is:} 16... Bb6 17. c5 $1 dxc5 18. Nxe6 c4+ 19. Kh1 cxd3 20.
Nxf8) 17. Nxe6 Qxe6 18. Nxf6+ Nxf6 19. Bxf6 Rxf6 20. Qxh7+ Kf8 21. Rxf6+ gxf6
22. Qh8+ Qg8 23. Qxf6+ Ke8 24. c5 $3 {Stronger than} (24. Bg6+ Kd7 25. Bf5+ Kc6
26. Rxe5) 1-0

[Event "Michigan Amateur"]
[Site "Kalamazoo, MI"]
[Date "2001.07.28"]
[Round "2.16"]
[White "Crismore, Jason"]
[Black "Aldrich, Jeff"]
[Result "0-1"]
[WhiteElo "1157"]
[BlackElo "1917"]
[PlyCount "48"]
[EventDate "2001.07.28"]

1. d4 d5 2. e3 Nf6 3. Bd3 Bg4 4. Nf3 e6 5. b3 Bd6 6. Bb2 O-O 7. Nbd2 Nbd7 8.
Qc1 Rc8 9. c4 c6 10. Ne5 Bh5 11. f4 c5 12. O-O Qe7 13. Qe1 Bg6 14. Bxg6 hxg6
15. Qg3 a6 16. Ndf3 Ne4 17. Qh3 Bxe5 18. Nxe5 Nxe5 19. fxe5 cxd4 20. exd4 dxc4
21. a4 c3 22. Ba3 Qd7 23. Rf4 Qxd4+ 24. Kf1 Nd2+ 0-1

[Event "Michigan Amateur"]
[Site "Kalamazoo, MI"]
[Date "2001.07.28"]
[Round "1.5"]
[White "Councell, Keith"]
[Black "Sheridan, Gregory"]
[Result "1/2-1/2"]
[WhiteElo "1345"]
[BlackElo "1872"]
[PlyCount "62"]
[EventDate "2001.07.28"]

1. e4 d6 2. d4 Nf6 3. Nc3 g6 4. Nf3 Bg7 5. h3 O-O 6. g3 c6 7. Bg2 Qc7 8. O-O
Nbd7 9. Re1 e5 10. Rb1 exd4 11. Nxd4 Re8 12. Nde2 Nc5 13. Nf4 Be6 14. Be3 Rad8
15. Qd2 Qc8 16. b4 Ncxe4 17. Bxe4 Nxe4 18. Nxe4 Bxa2 19. Rbd1 Rxe4 20. Bxa7
Rxe1+ 21. Rxe1 Be5 22. Kh2 Qf5 23. Bb6 Rd7 24. Nd3 Be6 25. Nf4 Bxf4 26. Qxf4
Qxh3+ 27. Kg1 Qf5 28. Qh6 Qh5 29. Qf4 Qf5 30. Qh6 Qh5 31. Qf4 Qf5 1/2-1/2

[Event "Michigan Amateur"]
[Site "Kalamazoo, MI"]
[Date "2001.07.28"]
[Round "3.7"]
[White "Councell, Keith"]
[Black "Choate, Eric"]
[Result "1-0"]
[WhiteElo "1345"]
[BlackElo "1296"]
[PlyCount "63"]
[EventDate "2001.07.28"]

1. e4 e5 2. Nf3 d6 3. d4 exd4 4. Nxd4 Nf6 5. Bg5 Be7 6. Nc3 O-O 7. Bd3 Nbd7 8.
Nf5 h6 9. Nxe7+ Qxe7 10. Nd5 Qd8 11. Bh4 c6 12. Ne3 Nc5 13. Qf3 Nxd3+ 14. cxd3
Qa5+ 15. Ke2 Nh7 16. Nc4 Qb4 17. Be7 Re8 18. Bxd6 Qb5 19. Ba3 Qg5 20. h3 Nf6
21. Nd6 Rd8 22. Nxc8 Raxc8 23. Be7 Re8 24. Bxf6 gxf6 25. Qg4 f5 26. Qxg5+ hxg5
27. f3 fxe4 28. dxe4 f5 29. Rad1 fxe4 30. Rd7 exf3+ 31. Kxf3 Rb8 32. Kg4 1-0

[Event "Michigan Amateur"]
[Site "Kalamazoo, MI"]
[Date "2001.07.28"]
[Round "3.13"]
[White "Carpenter, George"]
[Black "Moore, Robert"]
[Result "1/2-1/2"]
[WhiteElo "1400"]
[BlackElo "1600"]
[PlyCount "59"]
[EventDate "2001.07.28"]

1. Nf3 Nf6 2. g3 g6 3. Bg2 Bg7 4. O-O O-O 5. d3 d6 6. Nbd2 c5 7. c3 Nc6 8. Qc2
b5 9. e4 Rb8 10. Re1 Qc7 11. d4 cxd4 12. cxd4 Qb6 13. Nb3 Bd7 14. Be3 Ng4 15.
Qd2 Nxe3 16. Rxe3 Bh6 17. Rae1 Bxe3 18. Qxe3 e5 19. Qh6 f6 20. dxe5 dxe5 21.
Rd1 Rbd8 22. Nh4 Be8 23. Rc1 Nd4 24. Nxd4 exd4 25. e5 f5 26. Qg5 Bd7 27. Bd5+
Kh8 28. e6 Bxe6 29. Nxg6+ hxg6 30. Qh6+ 1/2-1/2

[Event "Michigan Amateur"]
[Site "Kalamazoo, MI"]
[Date "2001.07.28"]
[Round "3.2"]
[White "Blaine, Roger"]
[Black "Skidmore, Jennifer"]
[Result "1-0"]
[WhiteElo "1743"]
[BlackElo "1913"]
[Annotator "Don Vandivier"]
[PlyCount "63"]
[EventDate "2001.07.28"]

{Bird} 1. f4 Nc6 2. Nf3 d6 3. d4 e6 4. e4 Nf6 5. e5 dxe5 6. fxe5 Nd5 7. c4 $2 {
White overlooks where the knight will be able to go.} Bb4+ $1 {YES!} 8. Bd2 Ne3
$1 9. Qb3 Bxd2+ ({Also good for Black is} 9... Nxd4 $1 10. Nxd4 Bxd2+ 11. Nxd2
Qxd4 12. Nf3 Qc5) 10. Nbxd2 Nxf1 11. Rxf1 Nxd4 12. Qc3 Nf5 13. O-O-O O-O 14.
Ne4 Qe8 15. g4 Qc6 $2 {After such a pretty opening, Black falls into a losing
line.} (15... Ne7 {was the correct move.}) 16. gxf5 $1 Qxe4 17. f6 $1 g6 18.
Ng5 $2 (18. Qd2 $1 {WINS!} Qxc4+ 19. Kb1 Qe4+ 20. Ka1 Kh8 (20... g5 21. Qxg5+
Qg6 22. Rg1 Kh8 (22... Qxg5 23. Nxg5 Bd7 24. Rd3 $1 {with MATE in 4!}) 23. Qh4)
21. Qh6 Rg8 22. Ng5) 18... Qh4 19. Qe3 {Black now has a very precarious
position. Besides having to keep an eye on the mate threats, she can not
develop her Queenside pieces.} h6 ({Taking the pawn with check also loses.} 
19... Qxc4+ 20. Kb1 Qh4 21. Nxf7 Kxf7 (21... Rxf7 22. Rd8+ Rf8 23. Rxf8+ Kxf8
24. Qc5+ {with Mate-in-2}) 22. Qc5 Qe4+ 23. Ka1 g5 24. Qe7+ Kg6 25. Qxf8) 20.
Nh3 g5 21. Rd4 Qh5 22. Rg1 Kh8 23. Nxg5 $1 c5 {DIAGRAM!} 24. Nxf7+ $1 Rxf7 25.
Rd8+ Kh7 26. Rgg8 ({White's attack is pretty convincing. However, there was a
Mate-in-5 with} 26. Qd3+ $1 Qf5 27. Rh8+ $3 Kxh8 28. Qd8+ Rf8 29. Qxf8+ Kh7 30.
Qg7#) 26... b6 27. Rh8+ Kg6 28. Qe4+ Qf5 29. Rdg8+ Kh5 30. Qe2+ Kh4 31. Rxh6+
Qh5 32. Rxh5# 1-0

[Event "Michigan Amateur"]
[Site "Kalamazoo, MI"]
[Date "2001.07.28"]
[Round "2.9"]
[White "Blaine, Roger"]
[Black "Scioly, Tony"]
[Result "1-0"]
[WhiteElo "1743"]
[BlackElo "1533"]
[PlyCount "69"]
[EventDate "2001.07.28"]

1. f4 c5 2. Nf3 Nf6 3. e3 d6 4. Bb5+ Bd7 5. Qe2 g6 6. b3 Bg7 7. Bb2 O-O 8. O-O
a6 9. Bxd7 Qxd7 10. a4 Nc6 11. e4 Rad8 12. d3 Rfe8 13. e5 Nd5 14. Ng5 e6 15.
Nd2 Nde7 16. Nc4 Nf5 17. g4 Nfd4 18. Qg2 d5 19. Nd6 Rf8 20. Ba3 b6 21. Rab1 f6
22. Ngf7 Rxf7 23. Nxf7 Qxf7 24. c3 Nxb3 25. Rxb3 Qc7 26. Rfb1 fxe5 27. Rxb6 Nb4
28. Rxe6 Nxd3 29. Rxa6 Nxf4 30. Qc2 e4 31. Rb5 Nd3 32. Qd2 Rf8 33. Bxc5 Rf2 34.
Bxf2 Nxf2 35. Ra8+ 1-0

[Event "Michigan Amateur"]
[Site "Kalamazoo, MI"]
[Date "2001.07.28"]
[Round "2.11"]
[White "Biondo, Anthony"]
[Black "Carpenter, George"]
[Result "1-0"]
[WhiteElo "1672"]
[BlackElo "1400"]
[PlyCount "43"]
[EventDate "2001.07.28"]

1. e4 d6 2. Nc3 g6 3. g3 Bg7 4. Nge2 Nf6 5. d3 O-O 6. Bg2 Nbd7 7. Bg5 c6 8. Qd2
Qc7 9. f4 b5 10. O-O Bb7 11. f5 a6 12. Nf4 e5 13. fxe6 fxe6 14. Nxe6 Qb6+ 15.
Be3 c5 16. Nxg7 d5 17. Nxd5 Bxd5 18. exd5 Ng4 19. Ne6 Rfe8 20. Rf4 Ngf6 21.
Raf1 Qd6 22. Rxf6 1-0

[Event "Michigan Amateur"]
[Site "Kalamazoo, MI"]
[Date "2001.07.28"]
[Round "2.22"]
[White "Biondo, Albert"]
[Black "Evans, Joseph"]
[Result "1-0"]
[WhiteElo "1325"]
[BlackElo "959"]
[PlyCount "113"]
[EventDate "2001.07.28"]

1. e4 e5 2. Nf3 Nc6 3. Bc4 Bc5 4. d3 Nf6 5. Nc3 d6 6. Bg5 h6 7. Bh4 O-O 8. Qd2
Na5 9. Nd5 Nxc4 10. Nxf6+ Kh8 11. dxc4 d5 12. cxd5 Be7 13. Nxe5 Bxf6 14. Bxf6
Qxf6 15. Qd4 Kg8 16. O-O Re8 17. f4 Bg4 18. c3 Bc8 19. Rae1 b6 20. Qc4 c5 21.
dxc6 Be6 22. Qd3 Rad8 23. Nd7 Bxd7 24. cxd7 Re7 25. e5 Qc6 26. Qd6 Qxd7 27.
Qxd7 Rexd7 28. f5 Rd2 29. Rf2 Rxf2 30. Kxf2 f6 31. exf6 gxf6 32. b3 Rd5 33. g4
h5 34. h3 Rd2+ 35. Re2 Rd3 36. Re3 Rd2+ 37. Kg3 hxg4 38. h4 Rxa2 39. h5 a5 40.
h6 Kh7 41. Re6 Kxh6 42. Rxf6+ Kg7 43. Rxb6 Rc2 44. c4 Rc3+ 45. Kxg4 Re3 46. c5
Re4+ 47. Kg5 a4 48. bxa4 Rxa4 49. Rb7+ Kf8 50. c6 Ra8 51. c7 Rc8 52. Rb8 Rxb8
53. cxb8=Q+ Kf7 54. Qc7+ Kg8 55. f6 Kf8 56. Qe7+ Kg8 57. Qg7# 1-0

[Event "Michigan Amateur"]
[Site "Kalamazoo, MI"]
[Date "2001.07.28"]
[Round "2.18"]
[White "Betke, Brian"]
[Black "Wright, Eric"]
[Result "1-0"]
[WhiteElo "1145"]
[BlackElo "1459"]
[PlyCount "48"]
[EventDate "2001.07.28"]

1. d4 Nf6 2. c4 d6 3. e3 c6 4. Nf3 Qa5+ 5. Bd2 Qb6 6. Nc3 Bg4 7. Be2 Nbd7 8.
O-O c5 9. Nd5 Qxb2 10. Nc7+ Kd8 11. Nxa8 Bxf3 12. Bxf3 cxd4 13. Rb1 Qxa2 14.
exd4 Qxc4 15. Be3 Nd5 16. Bxd5 Qxd5 17. Qb3 Qxb3 18. Rxb3 b6 19. Rc1 e6 20. Rc7
a5 21. Ra7 d5 22. Nxb6 Nxb6 23. Rxb6 Kc8 24. Bf4 e5 1-0

[Event "Michigan Amateur"]
[Site "Kalamazoo, MI"]
[Date "2001.07.28"]
[Round "3.15"]
[White "Betke, Brian"]
[Black "Aldrich, Justin"]
[Result "0-1"]
[WhiteElo "1145"]
[BlackElo "1554"]
[PlyCount "70"]
[EventDate "2001.07.28"]

1. d4 d5 2. c4 c6 3. e3 Nf6 4. Nc3 Bf5 5. Nf3 h6 6. Bd3 Bxd3 7. Qxd3 Nbd7 8.
O-O e6 9. cxd5 cxd5 10. Ne5 Bd6 11. Nxd7 Qxd7 12. Qb5 O-O 13. Qxd7 Nxd7 14. a3
a6 15. Bd2 Nb6 16. b3 Rac8 17. Rfc1 Rc6 18. Na4 Rxc1+ 19. Bxc1 Nxa4 20. bxa4
Rc8 21. Bd2 Rc4 22. Bb4 Bxb4 23. axb4 Rxb4 24. g4 b5 25. axb5 axb5 26. h4 g5
27. hxg5 hxg5 28. Kg2 Rb2 29. Ra7 Rb1 30. Rb7 b4 31. Kf3 b3 32. Ke2 b2 33. Kd2
Rf1 34. Ke2 b1=Q 35. Rxb1 Rxb1 0-1

[Event "Michigan Amateur"]
[Site "Kalamazoo, MI"]
[Date "2001.07.28"]
[Round "2.5"]
[White "Aldrich, Justin"]
[Black "Evans Sr., Thomas"]
[Result "0-1"]
[WhiteElo "1554"]
[BlackElo "1847"]
[Annotator "Don Vandivier"]
[PlyCount "68"]
[EventDate "2001.07.28"]

{French} 1. e4 e6 2. d4 b6 3. Nf3 Bb7 4. e5 $6 ({The "book line" goes:} 4. Bd3
c5 5. c3 Nf6 6. Qe2 Be7 7. O-O {The moves played give Black a Super-bishop})
4... d6 5. c3 $6 (5. Nc3 dxe5 6. Nxe5 Bd6 7. Qg4 {and White maintains a slight
edge.}) 5... dxe5 6. Nxe5 Bd6 7. Qh5 {7. Qg4 is better.} g6 8. Qd1 {8. Qe2 is
play able, intending the check on b5 and if after the check, ...c6 then
retreat to b3} Bxe5 9. dxe5 Qxd1+ 10. Kxd1 Nd7 11. Bf4 Ne7 12. Nd2 O-O-O 13.
Kc2 h6 14. h4 Nd5 15. Bg3 g5 16. Be2 Nf4 17. Bf3 Nxe5 18. Bxb7+ Kxb7 19. Ne4
Neg6 20. hxg5 hxg5 21. Nxg5 Rxh1 22. Rxh1 f6 23. Ne4 f5 24. Ng5 Nxg2 25. Nxe6
Re8 {DIAGRAM!} 26. Nd4 $2 ({White should be able to draw after:} 26. Rg1 Rxe6 (
26... Ne3+ 27. Kd3 Rxe6 28. fxe3) 27. Rxg2 Re2+ 28. Kb3 Nf8 29. a4) 26... f4
27. Bh2 c5 28. Nf3 Re2+ 29. Nd2 Rxf2 30. Kd1 $2 {Loses immediately.} (30. Bg1
Ne3+ 31. Kc1 Re2 32. Nf3 {still put up a fight.}) 30... Ne3+ $6 (30... Ne5 $1 {
wins} 31. Bg1 Ne3+ 32. Kc1 Nd3+) 31. Ke1 Rg2 32. Bg1 $2 ({White would have
drawing chances after} 32. Rg1 $1 Rxh2 33. Rxg6) 32... Ne5 33. Rh7+ Ka6 34. Rh1
(34. Bxe3 fxe3 35. Ne4 Nf3+ 36. Kf1 Rxb2 {is also hopeless}) 34... Nd3# 0-1

[Event "Michigan Amateur"]
[Site "Kalamazoo, MI"]
[Date "2001.07.28"]
[Round "1.2"]
[White "Aldrich, Jeff"]
[Black "Carpenter, George"]
[Result "0-1"]
[WhiteElo "1917"]
[BlackElo "1400"]
[PlyCount "70"]
[EventDate "2001.07.28"]

1. d4 Nf6 2. c4 d5 3. Nf3 e6 4. Nc3 Be7 5. Bg5 O-O 6. e3 h6 7. Bxf6 Bxf6 8. Bd3
dxc4 9. Bxc4 Nd7 10. O-O c5 11. Rc1 a6 12. a4 b6 13. d5 exd5 14. Bxd5 Rb8 15.
Qd3 Qc7 16. Rfd1 Bb7 17. Qf5 Ne5 18. Nxe5 Bxe5 19. f4 Bf6 20. Rd2 Qe7 21. e4
Bd4+ 22. Kh1 Be3 23. Rcd1 Bxd2 24. Rxd2 Rbd8 25. Re2 Qd7 26. Qh5 Rfe8 27. h3
Bxd5 28. Nxd5 Qxa4 29. Re3 Rxe4 30. Nf6+ gxf6 31. Rg3+ Kf8 32. Qxh6+ Ke7 33.
Qh7 Re1+ 34. Kh2 Qxf4 35. h4 Rdd1 0-1

[Event "Michigan Amateur"]
[Site "Kalamazoo, MI"]
[Date "2001.07.29"]
[Round "5.17"]
[White "Smith, Les L"]
[Black "Kilburn, Gregory"]
[Result "1-0"]
[WhiteElo "1803"]
[BlackElo "1150"]
[PlyCount "59"]
[EventDate "2001.07.28"]

1. f4 Nf6 2. Nf3 e6 3. e3 b6 4. d4 Bb7 5. Bd3 d5 6. c3 Bd6 7. O-O Nc6 8. Ne5
Qe7 9. Nd2 O-O-O 10. Qa4 Qe8 11. Bb5 Bxe5 12. fxe5 Ng4 13. Nf3 Qd7 14. Bd2 Rde8
15. Rac1 a6 16. Bxa6 Bxa6 17. Qxa6+ Kd8 18. a3 Nh6 19. c4 Qc8 20. Qb5 Qd7 21.
cxd5 Nb8 22. Qxd7+ Kxd7 23. dxe6+ fxe6 24. Rc2 c6 25. g4 Nf7 26. Bb4 Rc8 27.
Nd2 Na6 28. Rxf7+ Ke8 29. Re7+ Kd8 30. Bd6 1-0

[Event "Michigan Amateur"]
[Site "Kalamazoo, MI"]
[Date "2001.07.29"]
[Round "4.7"]
[White "Skidmore, Jennifer"]
[Black "Farmand, Farnood"]
[Result "0-1"]
[WhiteElo "1913"]
[BlackElo "1658"]
[Annotator "Jeff Aldrich"]
[PlyCount "127"]
[EventDate "2001.07.28"]

{King's Gambit Accepted: Bishop's Gambit} 1. e4 e5 2. f4 exf4 {The King's t is
old-time chess. It is a good way to get an opponent out of his unfamiliar
opening lines.} 3. Bc4 Qh4+ 4. Kf1 Nf6 5. d4 $6 (5. Nf3 Qh5 6. Nc3 {is the
main line.}) 5... d6 $6 ({Now, black could have won the e-pawn:} 5... Nxe4 6.
Qe2 Qe7 7. Bxf4 {but white gets what she wants; developed pieces in exchange
for the pawn.}) 6. Nc3 Bg4 7. Nf3 Bxf3 8. Qxf3 Nc6 9. Bb5 Be7 10. Bxc6+ $6 (10.
d5 a6 11. dxc6 axb5 12. cxb7 Rb8 {seems more in the spirit of the fast and
loose King's Gambit. With the text move, black manages to consolidate his game.
}) 10... bxc6 11. e5 Nd5 12. Nxd5 cxd5 13. Qxd5 O-O 14. g3 Qh3+ 15. Qg2 Qd7 16.
gxf4 dxe5 17. Rg1 {Even after the pieces have been reduced, white is keeping
things aggressive.} g6 18. Qf2 exd4 19. f5 Qb5+ 20. Kg2 Qxf5 21. Qxf5 gxf5 22.
Bh6 Rfe8 23. Kf3+ Kh8 24. Bg7+ Kg8 25. Bxd4+ Kf8 26. Bg7+ Kg8 27. Rae1 ({
White's best chance to win is going after the c-pawn} 27. Be5+ Kf8 28. Bxc7
Rac8 29. Bf4 {threatening mate.}) 27... Bd6 28. Rd1 Re6 29. Bf6+ Kf8 30. Bg7+
Ke7 {Black is now making progress getting his pieces active.} 31. h4 Rg6 32. h5
Rxg1 33. Rxg1 Rb8 34. Bd4 Rb4 35. Bg7 $6 Rf4+ 36. Ke2 {DIAGRAM} Rg4 $1 {Not
only does black get the rooks off, he really improves his pawn structure.} 37.
Rxg4 fxg4 38. Bd4 a6 39. a4 Ke6 40. c3 Kd5 41. Kd3 f5 42. b4 c5 43. c4+ Kc6 44.
b5+ Kb6 45. Bc3 axb5 46. axb5 Kb7 47. Ke3 Kc7 48. Bf6 f4+ 49. Ke4 f3 50. Bh4
Kd7 51. Be1 Bc7 52. Bh4 Ke6 53. Ke3 Kf5 54. Kf2 Ke4 55. h6 Kd3 56. Bg5 Kxc4 57.
b6 Bb8 $6 (57... Bxb6 {is simple enough.} 58. Kg3 Kd3 {and the g-pawn is immune
} 59. Kxg4 f2) 58. Bd8 Kb5 59. Bc7 c4 60. Bxb8 Kxb6 61. Bf4 Kb5 62. Be3 c3 63.
Kg3 c2 64. Kf2 {And the rest of the scoresheet was innaccurate.} 0-1

[Event "Michigan Amateur"]
[Site "Kalamazoo, MI"]
[Date "2001.07.29"]
[Round "5.6"]
[White "Sheridan, Gregory"]
[Black "Farmand, Farnood"]
[Result "1-0"]
[WhiteElo "1872"]
[BlackElo "1658"]
[PlyCount "80"]
[EventDate "2001.07.28"]

1. d4 d5 2. Nf3 Nf6 3. c4 e6 4. Bg5 Be7 5. e3 O-O 6. Nc3 Nbd7 7. Bd3 c5 8. O-O
cxd4 9. Nxd4 dxc4 10. Bxc4 Ne5 11. Be2 Bd7 12. Qb3 b6 13. Rfd1 Ne8 14. Bf4 Ng6
15. Nc6 Qc8 16. Nxe7+ Nxe7 17. Rac1 Bc6 18. Nb5 Qb7 19. Nd6 Nxd6 20. Bxd6 Bxg2
21. Rc7 Qe4 22. Rxe7 Bh3 23. Bf1 Qg4+ 24. Bg3 Rad8 25. Re1 h5 26. Rxa7 h4 27.
Ra4 Qg6 28. Rxh4 Bxf1 29. Kxf1 Rd2 30. Qxb6 Qc2 31. Qb5 Rfd8 32. Qh5 Kf8 33.
Qh8+ Ke7 34. Qxg7 Qxb2 35. Qxb2 Rxb2 36. Ra4 Rdd2 37. Ra7+ Kf6 38. a4 Ra2 39.
Rc1 Kg6 40. Rcc7 f6 1-0